| 000 | 00991 a2200181 4500 | ||
|---|---|---|---|
| 003 | Nust | ||
| 005 | 20230526084718.0 | ||
| 020 | _a0-07-115812-x | ||
| 040 | _cNust | ||
| 082 | _a004 | ||
| 100 |
_aTimothy J .O'Leary _9112646 |
||
| 245 |
_aComputing Essentials 1999-2000 / _bTimothy J .O Leary and Linda I O'Leary |
||
| 260 |
_aLondon _bMC Graw Hill _c1999 2000 |
||
| 300 | _axvi,305,p | ||
| 505 | _aYour Future and Computer Competency (Page-2), Software (Page-22), The System Unit (Page-46), Input and Output (Page-64), Secondary Storage (Page-86), communications and Connectivity (Page-104), The Internet and the Web (Page-130), Multimedia Web Authority and More (Page-156), Privacy Security Ergonomics and the Environment (Page-174), Databases (Page-198), Information Systems (Page-220), Systems Analysis and Design (Page-240), Programming and Languages (Page-262), Your Future and Information Technology (Page-288). | ||
| 650 |
_aComputing 1999 2000 _9112647 |
||
| 942 |
_2ddc _cBKB |
||
| 999 |
_c190592 _d190592 |
||